[Haußpostill Doct. Martini Luther/ von fürnemesten Festen dursch Jar]

Bibliographic Details
Main Author: Luther, Martin, 1483-1546 (Author)
Corporate Author: Lufft, Hans (Wittenberg, Nemecko) (Printer)
Other Authors: Lufft, Hans, 1495-1584 (Printer)
Format: Book
Language:German
PhysicalDescription:[14], CLXXXII [=182], CLXXXII [=182], 116, [1] list ilustrácie 4° 30 cm
Published: [Wittenberg] [Hans, Lufft] [1546]
Subjects:

MARC

LEADER 00000nam a2200000 a 4500
001 vtls011702063
003 SK-MaSNL
005 20260301043413.0
008 251112s1559 gw a f 001 0 ger
015 |a SNKHFA 
035 |a urn:nbn:sk:snk-am00crx6 
035 |a urn:nbn:sk:snk-am3hapj 
035 |a C9051E32-3924-42B0-BED1-10FE20E7E00A 
040 |a SNKHF  |b slo  |c SNK  |e AACR2 
041 |a ger 
044 |a gw  |c DE 
072 7 |a 2  |x Náboženstvo  |2 konspekt 
072 7 |a 27-46/-48  |x Pastorálna teológia  |2 konspekt 
080 |a 21/29-1/-9  |2 2011 
080 |a 2-475.5  |2 2011 
080 |a 2-46  |2 2011 
100 1 |a Luther, Martin,  |d 1483-1546  |4 aut  |9 106834 
245 1 1 |a [Haußpostill Doct. Martini Luther/ von fürnemesten Festen dursch Jar] 
260 |a [Wittenberg]  |b [Hans, Lufft]  |c [1546] 
300 |a [14], CLXXXII [=182], CLXXXII [=182], 116, [1] list  |b ilustrácie  |c 4°  |c 30 cm 
500 |a Iniciálky s ornamentálnym a figurálnym pozadím na 5 - 7 riadkov, drevorezy s biblickými výjavmi 
504 |a Marginálie, kustody 
510 4 |a VD 16 ZV/26048 
546 |a Nemčina  |b Fraktúra 
550 |a Názov a impresum doplnené z 
561 |a Z knižnice františkánov Kremnica.  |5 SNK IB 73246 
562 |a Defekt: chýba titulný list a začiatok prvej časti, titulný list druhej časti a koniec tretej časti.  |5 SNK IB 73246 
563 |a Väzba: pôvodná, tmavohnedá koža s ornamentálnou slepotlačou, poškodená.  |5 SNK IB 73246 
650 0 7 |a náboženstvo  |2 SNKPH  |9 2023 
650 0 7 |a kázne  |2 SNKPH  |9 1954 
650 0 7 |a pastorálna teológia  |2 SNKPH  |9 1811 
700 1 |a Lufft, Hans,  |d 1495-1584  |4 prt  |9 160223 
710 2 |a Františkáni (Kremnica, Slovensko)  |4 fmo  |9 162717 
710 0 |a Lufft, Hans (Wittenberg, Nemecko),  |d 1523-1584  |4 prt  |9 305371 
752 |a Nemecko  |d Wittenberg 
852 |a snk  |b Františkáni Kremnica  |p IB 73246 
958 |a ONDV 
958 |a DA 
999 |c 593513  |d 595443 
952 |t Fr Kr 1510  |a SNK  |b SNK  |c SNK_HF  |y PREZ  |7 0  |p 17A1256583  |o snkIB 73246  |i snk2017/16172  |8 5  |0 0  |1 0  |4 0  |d 2017-07-12  |f 1  |l 0  |r 2026-02-23 15:31:24  |w 2026-02-23